LEADER 01034nas 2200373 c 450 001 9910142109003321 005 20260218111118.0 035 $a(CKB)1000000000528680 035 $a(DE-599)ZDB2139963-3 035 $a(OCoLC)405838925 035 $a(DE-101)025778730 035 $a(DE-599)2139963-3 035 $a(EXLCZ)991000000000528680 100 $a20040318a20049999 |y | 101 0 $aeng 135 $aur||||||||||| 181 $ctxt$2rdacontent 182 $cc$2rdamedia 183 $acr$2rdacarrier 200 00$aAisle say$ethe internet magazine of stage reviews and opinion 210 31$a[S.l.]$cTheatreNet Enterprises$d2004- 215 $aOnline-Ressource 517 $aAisle Say: The Internet Magazine of Stage Reviews & Opinion 531 $aAISLE SAY 608 $aZeitschrift$2gnd-content 676 $a792 686 $aTHEATER$qDE-30$2fid 801 0$b0355 801 1$bDE-101 801 2$b0030 906 $aJOURNAL 912 $a9910142109003321 996 $aAisle say$91966554 997 $aUNINA